000 nam a22 7a 4500
999 _c8505
_d8505
008 180117b ||||| |||| 00| 0 eng d
100 _aBhatnagar.R.
_94511
245 _aFun With Art & Craft
260 _aNew Delhi
_bPrachi
_c1993